Movies Quiz

Random Movies or Quick Pick Quiz

Quick Pick: The Maze Runner Quiz Stats

 Plays Quiz not verified by Sporcle

Score 0/10 Timer 01:00
0 Plays Today
% Correct
Ki Hong Lee
88.3%
Dylan O'Brien
87.2%
Kaya Scodelario
85%
Thomas Brodie-Sangster
83.7%
Patricia Clarkson
83.7%
Will Poulter
79.2%
Dexter Darden
71.3%
Blake Cooper
70.9%
Chris Sheffield
62.6%
Alexander Flores
60.3%

You're not logged in!

Compare scores with friends on all Sporcle quizzes.
OR
Log In

You Might Also Like...

Show Comments

Extras

Top Quizzes Today


Score Distribution

Your Account Isn't Verified!

In order to create a playlist on Sporcle, you need to verify the email address you used during registration. Go to your Sporcle Settings to finish the process.

Report this User

Report this user for behavior that violates our Community Guidelines.

Details: